Geography Quiz

Random Geography or World Quiz

Countries with the Most Islands Quiz Stats

 Plays Quiz Updated Mar 7, 2015

Challenge
Share
Tweet
Embed
Score 0/21 Timer 04:00
11 Plays Today
# Islands Country % Correct
28United States
96.3%
7Japan
92.5%
32Russia
91.8%
57Canada
91.1%
13United Kingdom
90.6%
64Indonesia
90.6%
8Australia
86.2%
10France
81.9%
8Spain
79.4%
15Norway
79.3%
4New Zealand
79%
# Islands Country % Correct
19Denmark
78.4%
19Philippines
77.5%
4India
76%
7Greece
75.8%
26Chile
68%
14Papua New Guinea
42.2%
7Bahamas
37.6%
5Ecuador
34.3%
11Solomon Islands
33.8%
6Vanuatu
18%

You're not logged in!

Compare scores with friends on all Sporcle quizzes.
OR
Log In

You Might Also Like...

Show Comments

Extras

Top Quizzes Today


Score Distribution

Your Account Isn't Verified!

In order to create a playlist on Sporcle, you need to verify the email address you used during registration. Go to your Sporcle Settings to finish the process.

Report this User

Report this user for behavior that violates our Community Guidelines.

Details: